000
00252nam a22001217a 4500
999
_c
160060
_d
160060
082
_a
_b
100
_a
Maharshies
245
_a
The smriti sandarbha (v.2)/
_c
by Maharshies.
260
_a
Delhi:
_b
Nag,
_c
300
_a
650
_a
942
_c
BK